| 000 | 00815cam a2200205 4500 | ||
|---|---|---|---|
| 001 | ABS63689 | ||
| 008 | 000000n2001 000 0 eng u | ||
| 035 | _a(Sirsi) u111470 | ||
| 100 | _aImber, A. | ||
| 245 | 4 | _aThe APC: coping with interview day | |
| 260 | _c2001 | ||
| 490 |
_aCSM (Chartered Surveyor Monthly) _vMarch 2001, 22(1) |
||
| 520 | _aProvides detailed advice on the format of the APC interview day. Familiarity with these details will help candidates focus on performing effectively. For further information, send a 19p or 27p SAE to: APC Notes (CSM - Interview), c/o 1 Green Meadow, Pedmore, West Midlands, DY9 0XY. Please give details of your division. | ||
| 590 | _aABS | ||
| 650 |
_aAPC _96216 |
||
| 650 | _aAPC INTERVIEWS | ||
| 650 | _aADVICE | ||
| 690 | _aEDUCATION-APC | ||
| 942 | _n0 | ||
| 999 |
_c66418 _d66418 |
||